000 00855cam a22001934a 4500
005 20250605164140.0
008 250528s ||||||||||||||||||||||||d
035 _a18918
020 _a9608516919
040 _aGR-AtMCL
_bgre
_dGR-AtMCL
_eAACR2
245 1 _aGolden Grammar Exercises / 1
260 _bGolden Series Editions,
_c1993
300 _a56
520 _aThis book contains selected activities conforming to the respective class syllabus. Personal Pronouns, The Verb to Be, The Verb to Be, The Verb to Have, Plural, Possessive Case, Relative Pronouns, Some - Any, Auxiliary Verbs, Adjectives - Adverbs, Comparison, Propositions of Place, Prepositions of Time, Reflexive/ Emphasizing Pronouns, Imperative, Passive Voice, Irregular Verbs.
700 1 _aGiannakopoulou Helen
_92945
942 _cBK
999 _c4219
_d4219